| 000 | 00696nam a2200109 a 4500 | ||
|---|---|---|---|
| 008 | 190618s2013 ||||||||||||||||| || u | ||
| 050 | _aUNCTAD(06)DP/2013/214 | ||
| 245 | 0 | 0 |
_aTowards more Balanced Growth Strategies in Developing Countries:Issues Related to Market size, Trade Balances and Purchasing Power _cBy United Nation Conference On Trade and Development (UNCTAD) |
| 260 |
_aSwitzerland _bUnited Nations Conference on Trade and Development (UNCTAD) _c2013 |
||
| 300 | _aill,35p.:ill. | ||
| 995 |
_FCBU-MAIN LIBRARY (Kitwe) _M1 _UAVAILABLE _WJun 18, 2019 _XUnited Nations Conference on Trade And Development (UNCTAD) _ZInternational Publications |
||
| 999 |
_c60070 _d60070 |
||